Fundamentals of advanced accounting: (Record no. 16788)

MARC details
000 -LEADER
fixed length control field 00614nam a22002177a 4500
003 - CONTROL NUMBER IDENTIFIER
control field OSt
005 - DATE AND TIME OF LATEST TRANSACTION
control field 20180409125025.0
008 - FIXED-LENGTH DATA ELEMENTS--GENERAL INFORMATION
fixed length control field 180409b xxu||||| |||| 00| 0 eng d
020 ## - INTERNATIONAL STANDARD BOOK NUMBER
International Standard Book Number 9781259095597
040 ## - CATALOGING SOURCE
Transcribing agency KABU
050 ## - LIBRARY OF CONGRESS CALL NUMBER
Classification number HF 5636
Item number .H69 2013 C.1
100 ## - MAIN ENTRY--PERSONAL NAME
Personal name Hoyle,B. Joe
245 ## - TITLE STATEMENT
Title Fundamentals of advanced accounting:
Statement of responsibility, etc. Joe B. Hoyle, Thomas F. schaefer and Timothy S. Doupnik
250 ## - EDITION STATEMENT
Edition statement 6th ed.
260 ## - PUBLICATION, DISTRIBUTION, ETC. (IMPRINT)
Place of publication, distribution, etc. United State:
Name of publisher, distributor, etc. McGraw Hill;
Date of publication, distribution, etc. 2013.
300 ## - PHYSICAL DESCRIPTION
Extent xix, 623p.
650 ## - SUBJECT ADDED ENTRY--TOPICAL TERM
Topical term or geographic name as entry element Accounting
700 ## - ADDED ENTRY--PERSONAL NAME
Personal name Schaefer, F. Thomas
700 ## - ADDED ENTRY--PERSONAL NAME
Personal name Doupnik, S. Timothy
942 ## - ADDED ENTRY ELEMENTS (KOHA)
Source of classification or shelving scheme Library of Congress Classification
Koha item type General Collection
Holdings
Withdrawn status Lost status Source of classification or shelving scheme Not for loan Home library Current library Date acquired Cost, normal purchase price Inventory number Total Checkouts Full call number Barcode Date last seen Copy number Price effective from Koha item type
    Library of Congress Classification   Kabarak, Main Campus Kabarak, Main Campus 09/04/2018 4995.00 2018/0861   HF 5636 .H69 2013 C.1 024662 02/08/2024 C. 1 09/04/2018 General Collection
Designed with assistance from East African Informatics Ltd